| 000 | 00669nam a2200217 u 4500 | ||
|---|---|---|---|
| 005 | 20250308063755.0 | ||
| 008 | 100518s2006 r 000 0 eng d | ||
| 020 | _a0439874785 | ||
| 035 | _aUPN01000175931 | ||
| 049 | _aI | ||
| 050 | 4 |
_aPZ7 _bH3.7 |
|
| 100 | 1 | _aHamilton, Tisha | |
| 245 | 1 | 0 |
_aTrollz : _b¡vaya contaminación! / _cTisha Hamilton ; tr. Miriam Fabiancic. |
| 260 |
_aNew York : _bScholastic, _c2006. |
||
| 300 | _a70 p. | ||
| 534 |
_pTítulo original: _tTrollz: oops ! I polluted again |
||
| 650 | 7 |
_aLiteratura infantil estadounidense _2 _99173 |
|
| 650 | 2 |
_aContaminación _95710 |
|
| 650 | 4 |
_aLibros y lectura para niños _92290 |
|
| 905 | _aLibro | ||
| 999 |
_c148034 _d148034 |
||